UE : Qualité des eaux de baignade - Statistiques

Statistiques générales
  • Ce quiz a été pris 7 fois
  • Le résultat moyen est 21 sur 27
Statistiques - réponses
Rang
% d'eau d'excellente qualité
Pays % Correct
9 90.2 Allemagne
86%
2 96.9 Autriche
86%
23 73.6 Belgique
86%
7 92.7 Bulgarie
86%
5 94.3 Danemark
86%
13 88.2 Espagne
86%
11 89.4 Finlande
86%
19 75.9 France
86%
3 96.6 Grèce
86%
10 89.6 Italie
86%
18 76.5 Luxembourg
86%
22 75.0 Pays-Bas
86%
14 84.8 Portugal
86%
8 92.0 Roumanie
86%
16 78.7 Slovénie
86%
21 75.5 Suède
86%
1 99.2 Chypre
71%
4 95.7 Croatie
71%
25 63.1 Hongrie
71%
15 79.1 Irlande
71%
19 75.9 Lettonie
71%
12 89.3 Lituanie
71%
5 94.3 Malte
71%
27 55.9 Pologne
71%
26 59.4 Slovaquie
71%
17 76.9 Tchéquie
71%
24 64.6 Estonie
57%
Aucun quiz correspondant
Distribution des résultats
% des personnes avec chaque résultat
Percentile par nombre de réponses
Votre historique - résultats
Vous n’avez pas pris ce quiz